| 000 | 00972cam a2200229 4500 | ||
|---|---|---|---|
| 020 | _a0309020212 | ||
| 082 | 0 | 0 |
_a625.734 _bBOC |
| 245 | 0 | 0 |
_aEstimating peak runoff rates from ungaged small rural watersheds _c[by] P. Bock [and others. |
| 260 |
_aWashington] _bHighway Research Board, National Research Council, _c1972. |
||
| 300 |
_a85 p. _billus. _c28 cm. |
||
| 490 | 1 | _aNational Cooperative Highway Research Program. Report ; | |
| 500 | _a"Project 15-4 FY '68." | ||
| 500 | _a"Research sponsored by the American Association of State Highway Officials in cooperation with the Federal Highway Administration." | ||
| 526 |
_a0 _b0 _c0 _d625_734000000000000_BOC |
||
| 650 | 0 |
_aCulverts _xDesign and construction. _943679 |
|
| 650 | 0 |
_aFlood forecasting _zUnited States. _943680 |
|
| 650 | 0 |
_aMCE _9379 |
|
| 650 | 0 |
_aRunoff _xMathematical models. _943681 |
|
| 650 | 0 |
_aRunoff _zUnited States _xMathematical models. _943682 |
|
| 700 | 1 |
_aBock, Paul, _943683 |
|
| 942 |
_2ddc _cBK |
||
| 999 |
_c547493 _d547493 |
||